000 00410nam a2200169Ia 4500
008 230524s9999 xx 000 0 und d
020 _a9788131790816
082 _bRAJ
100 _aP.Purushothama Raj
245 0 _aSoil Mechanics and Foundation Engineering
250 _a2
260 _aNew Delhi
_bTMH
_c2013
300 _a"XV,857p;"
500 _aQuantity Number: 1
650 _aCivil
942 _cBK
999 _c57865
_d57865